| 000 | 01061cam a2200289 a 4500 | ||
|---|---|---|---|
| 001 | 000010529 | ||
| 005 | 20250429112051.0 | ||
| 008 | 830909s1982 sp 001 0 spa d | ||
| 020 | _a8424903366 | ||
| 020 | _z8424903358 | ||
| 035 | _a(DLC) 83117511 | ||
| 040 |
_aDO-SdBNP _bspa _cBNPHU _dDLC |
||
| 082 |
_a930 _bO74h |
||
| 100 | 1 |
_aOrosio. _q(Pablo Orosio), _dac. 375 - d. 418? _925539 |
|
| 245 | 1 | 0 |
_aHistorias / _cOrosio ; introducción, traducción y notas de Eustaquio Sánchez Salor. |
| 260 |
_aMadrid : _bGredos, _cc1982. |
||
| 300 |
_av p. ; _c20 cm. |
||
| 490 | 0 |
_aBiblioteca clásica Gredos _v53-54 |
|
| 504 | _aIncluyre referencias bibliográficas, notas al pie de las páginas e índice. | ||
| 650 | 0 |
_aHistoria antigua _918158 |
|
| 650 | 4 |
_aIglesia _xHistoria _925540 |
|
| 700 | 1 |
_aSánchez Salor, Eustaquio, _etr. _925541 |
|
| 830 | 0 |
_aBiblioteca clásica Gredos ; _v53-54. _98642 |
|
| 856 | 4 | 2 |
_3Publisher description _uhttp://www.loc.gov/catdir/enhancements/fy0909/83117511-d.html |
| 910 | _aCatalogación por copia / LC | ||
| 049 | _aBNGR | ||
| 999 |
_c10287 _d10287 |
||